| 000 | 01393cam a2200289 i 4500 | ||
|---|---|---|---|
| 003 | SA-RiAUC | ||
| 005 | 20250807063512.0 | ||
| 008 | 250806s1987 mr g f000 0dara c | ||
| 040 |
_aQA-DoQUL _bara _cSA-RiAUC _erda |
||
| 082 | 0 | 4 | _a257.1 |
| 090 |
_a257.1 _bت ك ر |
||
| 100 | 1 |
_aالتكريتي، ناجي، _d1932- _eمؤلف. |
|
| 245 | 1 | 2 |
_aالفلسفة السياسية عند ابن أبي الربيع / _cناجي التكريتي. |
| 250 | _aالطبعة الثالثة، منقحة ومزيدة. | ||
| 264 | 1 |
_aبغداد : _bدار الشؤون الثقافية العامة، _c1987 |
|
| 300 |
_a248 صفحة ؛ _c24 سم |
||
| 336 |
_aنص _btxt _2rdacontent _3كتاب |
||
| 337 |
_aبدون وسيط _bn _2rdamedia |
||
| 338 |
_aمجلد _bnc _2rdacarrier |
||
| 500 | _aيشتمل على تحقيق لكتاب سلوك المالك في تدبير الممالك. | ||
| 600 | 1 | 7 |
_aابن أبي الربيع، أحمد بن محمد بن أبي الربيع، _d218-272 هجري _2aucnm |
| 650 | 7 |
_aالنظام السياسي في الإسلام _2aucsh |
|
| 700 | 1 | 2 |
_aابن أبي الربيع، أحمد بن محمد بن أبي الربيع، _d218-272 هجري _tسلوك المالك في تدبير الممالك. |
| 740 | 0 | 2 | _aسلوك المالك في تدبير الممالك. |
| 942 |
_2ddc _cBOOK _n0 |
||
| 949 |
_aSA-JeALM _d250806 _umohamedma123 _n1 |
||
| 999 |
_c10607 _d10607 |
||